| 000 | 00395 a2200169 4500 | ||
|---|---|---|---|
| 001 | 71878 | ||
| 020 | _a8508033966 | ||
| 040 | _cAnchieta - Colégio São Paulo | ||
| 100 | _aMonteiro, José Maviael | ||
| 240 | 1 | 0 |
_aVida ingrata de pirata _lpor |
| 245 | 1 | 0 | _aVida ingrata de pirata |
| 300 | _a39 | ||
| 362 | 0 | _a1989 | |
| 440 | 1 | _aÁtica | |
| 650 | 4 | _aLiteratura infanto-juvenil | |
| 942 | _cBK | ||
| 999 |
_c71878 _d71878 |
||